| 000 | 00486nam a2200181Ia 4500 | ||
|---|---|---|---|
| 001 | 11045 | ||
| 005 | 20260306161917.0 | ||
| 008 | 260306t1965||||xx |||||||||||||| ||spa|| | ||
| 041 | _aESP | ||
| 082 |
_a985.001 _bR68 T. 4 |
||
| 100 |
_aRiva-Agüero y Osma, José de la _eAUT |
||
| 245 | 0 |
_aObras completas de José de la Riva-Agüero: _bla historia en el Perú |
|
| 260 | _c1965 | ||
| 300 |
_a549 páginas : _c21 cm. |
||
| 650 | _aGEN | ||
| 654 | _aCHU | ||
| 942 |
_cLIB _dJUS _fJUS _2ddc _n |
||
| 999 |
_c11045 _d11045 |
||